Making Presentations Happen
| Main Author: | |
|---|---|
| Format: | Book |
| Published: |
New Delhi :
Viva Books Private Limited
|
| Edition: | South Asian Edition |
| Subjects: |
MARC
| LEADER | 00000cam a2200000 7i4500 | ||
|---|---|---|---|
| 001 | 0000092292 | ||
| 005 | 20230911094630.0 | ||
| 008 | |||
| 020 | |a 1865089583 | ||
| 041 | |a English | ||
| 090 | 0 | 0 | |a 658.452 |b BRO |
| 100 | 1 | |a Brown, Michael | |
| 245 | 0 | 0 | |a Making Presentations Happen |c Brown, Michael |
| 250 | |a South Asian Edition | ||
| 260 | |a New Delhi : |b Viva Books Private Limited | ||
| 300 | |a 153p. ; |c 22.8cm. | ||
| 500 | |a Adult | ||
| 650 | 0 | |a Public speaking |x Handbooks,manuals,etc | |
| 999 | |a 0001733357 |b Book |c Adult Collection |e Cawangan Bandar Penawar | ||